Ελληνική οικονομία και τουρισμός
Αποθηκεύτηκε σε:
| Συγγραφή απο Οργανισμό/Αρχή: | |
|---|---|
| Μορφή: | Βιβλίο |
| Γλώσσα: | Greek |
| Δημοσίευση: |
Αθήνα :
ΙΤΕΠ,
1998
|
| Θέματα: | |
| Ετικέτες: |
Προσθήκη ετικέτας
Δεν υπάρχουν, Καταχωρήστε ετικέτα πρώτοι!
|
MARC
| LEADER | 00000cam a2200000 i 4500 | ||
|---|---|---|---|
| 001 | 1/80013 | ||
| 008 | 990507s1998 gre d | ||
| 035 | |l 10050528 | ||
| 040 | |a GR-MY-UA |b gre |e aacr | ||
| 041 | 0 | |a gre | |
| 082 | 0 | |a 338.4791495 | |
| 110 | 2 | |a Ινστιτούτο Τουριστικών Ερευνών και Προβλέψεων (Ι.Τ.Ε.Π.) | |
| 245 | 1 | 0 | |a Ελληνική οικονομία και τουρισμός / |c Ινστιτούτο Τουριστικών Ερευνών και Προβλέψεων |
| 260 | |a Αθήνα : |b ΙΤΕΠ, |c 1998 | ||
| 300 | |a 108 σ. | ||
| 500 | |a Τεύχος 6 | ||
| 650 | 0 | 0 | |a Tourism |z Greece. |
| 852 | |a INST |b CHIOS |e 19990507 |h 338.4791495 ΕΛΛ |p 005200014407 |q 005200014407 |t BK |y 0 | ||
| 852 | |a INST |b CHIOS |e 19990507 |h 338.4791495 ΕΛΛ |p 005200014408 |q 005200014408 |t BK |y 0 | ||
| 901 | |a BIBL2-1999-2 | ||
| 909 | |a Χ |b 055727 | ||
| 909 | |a Χ |b 055728 | ||
| 922 | |a 2ΔΩΡ |b 199905 |d ΜΕΤΑΠΤΥΧΙΑΚΟ ΤΟΥΡΙΣΜΟΥ | ||